Dios, uno y trino
Gespeichert in:
| 1. Verfasser: | |
|---|---|
| Format: | Buch |
| Sprache: | Spanisch |
| Veröffentlicht: |
Pamplona
EUNSA
2005
|
| Ausgabe: | 2a. ed |
| Schriftenreihe: | Manuales de Teología, 11
|
| Schlagworte: | |
| Tags: |
Tag hinzufügen
Keine Tags, Fügen Sie den ersten Tag hinzu!
|
MARC
| LEADER | 00000nam a2200000 a 4500 | ||
|---|---|---|---|
| 001 | UCJ0793 | ||
| 003 | CL-VaPUC | ||
| 008 | 060908e20050000SP |||||||||||||||||spa|d | ||
| 020 | |a 843132239X | ||
| 082 | 0 | 4 | |a 231.044 |b MAT |2 21 |
| 100 | |a Mateo Seco, Lucas Francisco |e autor |9 349352 | ||
| 245 | 1 | 0 | |a Dios, uno y trino |
| 250 | |a 2a. ed | ||
| 300 | |a 774 p | ||
| 942 | |c BK | ||
| 945 | |d 20060908 00:00:00 |a cmena | ||
| 260 | |a Pamplona |b EUNSA |c 2005 | ||
| 600 | 0 | 7 | |a SANTISIMA TRINIDAD |2 CL-VaPUC |9 347537 |
| 600 | 0 | |a Dios |9 314467 | |
| 650 | 0 | |a Teología cristiana |9 308336 | |
| 650 | 0 | |a Filosofía cristiana |9 265980 | |
| 650 | 0 | |a Creencia Religiosa |9 316904 | |
| 583 | |a last modification |c 20140408 11:58:33 |k Rodrigo Vera | ||
| 490 | 0 | |a Manuales de Teología, 11 | |
| 999 | |c 317548 |d 317546 | ||
| 952 | |0 0 |1 0 |4 0 |6 231_044000000000000_MAT_2005 |7 0 |8 A |9 394032 |a BIBTEO |b BIBTEO |d 2019-11-22 |i 4268547 |o 231.044 MAT 2005 |p 4268547 |r 2025-01-17 |w 2019-11-22 |y BK |k ICR | ||